|
|
|
|
| LEADER |
00000nam0a2200000 4500 |
| 001 |
267000 |
| 005 |
20231101234040.0 |
| 020 |
|
|
|a RU
|b 86-98068
|
| 035 |
|
|
|a (RuTPU)RU\TPU\book\290020
|
| 090 |
|
|
|a 267000
|
| 100 |
|
|
|a 20140718d1986 k y0rusy5003 ca
|
| 101 |
0 |
|
|a rus
|
| 102 |
|
|
|a RU
|
| 105 |
|
|
|a a z 001zy
|
| 200 |
1 |
|
|a Минералы и эволюция минералообразования в амазанитовых пегматитах Кольского полуострова
|f А. В. Волошин, Я. А. Пахомовский
|g Академия наук СССР (АН СССР), Кольский филиал ; отв. ред. И. В. Бельков
|
| 210 |
|
|
|a Ленинград
|c Наука
|d 1986
|
| 215 |
|
|
|a 168 с.
|c ил.
|d 22 см
|
| 320 |
|
|
|a Библиогр.: с. 162-167 (104 назв.)
|
| 606 |
1 |
|
|a Пегматиты гранитные
|2 stltpush
|3 (RuTPU)RU\TPU\subj\48408
|9 67279
|
| 610 |
1 |
|
|a образование
|
| 610 |
1 |
|
|a амазонитовые пегматиты
|
| 610 |
1 |
|
|a минеральный состав
|
| 610 |
1 |
|
|a постмагматические процессы
|
| 610 |
1 |
|
|a минералы
|
| 610 |
1 |
|
|a тантал
|
| 610 |
1 |
|
|a ниобий
|
| 610 |
1 |
|
|a олово
|
| 610 |
1 |
|
|a минерализация
|
| 610 |
1 |
|
|a иттрий
|
| 610 |
1 |
|
|a редкоземельные минералы
|
| 610 |
1 |
|
|a халькофильные элементы
|
| 610 |
1 |
|
|a эволюция
|
| 610 |
1 |
|
|a Кольский полуостров
|
| 675 |
|
|
|a 552.322.2
|z rus
|v 3
|
| 700 |
|
1 |
|a Волошин
|b А. В.
|g Анатолий Васильевич
|4 070
|
| 701 |
|
1 |
|a Пахомовский
|b Я. А.
|g Яков Алексеевич
|4 070
|
| 702 |
|
1 |
|a Бельков
|b И. В.
|4 340
|
| 712 |
0 |
2 |
|a Академия наук СССР (АН СССР)
|b Кольский филиал
|2 stltpush
|3 (RuTPU)RU\TPU\col\11519
|
| 801 |
|
0 |
|a RU
|b RuMRKP
|c 19950417
|g psbo
|
| 801 |
|
1 |
|a RU
|b 63413507
|c 20140718
|
| 801 |
|
2 |
|a RU
|b 63413507
|c 20170217
|g RCR
|
| 942 |
|
|
|c BK
|